00854nam a22002417a 450000500170000001000130001702000220003003500130005203700160006504000120008108200160009310000360010924500870014526000430023227000510027530000260032665000220035265000330037470000210040794200250042899900190045395201400047220170124110249.0 aA-897376 c00.00a8120719506 aA-897376 bCen Lib/Ret aDPLbEN a230.35bANA aAnand, Swami Sai Sharan 998205 aShri sai baba /cby Swami Sai Sharan Anand ; translated from gujarati by V.B. Kher b Sterling Publishers aNew Delhic1998 bNew DelhiaL-10, Green Park Extension e110016 axviii,332p.c20cm(Hb) aReligion 9113865 aReligion -- Sai Baba 998207 aKher, V.B910296 2ddccENh230.35mANA c135728d135728 00104070aLbLd2015-10-08eCen Lib/Retg0.00l38m21o230.35 ANApA-897376r2025-04-07 00:00:00s2025-03-24t1v0.00w2015-10-08yEN